BIBLIOTECA “JULIO CORTÁZAR”
ESCUELA AGROTÉCNICA “LIBERTADOR GENERAL SAN MARTÍN” - UNR – CASILDA

Logo Escuela Logo UNR

Energía solar : (Record no. 2660)

MARC details
000 -LEADER
campo de control de longitud fija 00862nam#a22003015a#4500
001 - NÚMERO DE CONTROL
campo de control 2660
080 ## - NÚMERO DE LA CLASIFICACIÓN DECIMAL UNIVERSAL
Número de la Clasificación Decimal Universal 58.03
084 ## - OTRO NÚMERO DE CLASIFICACIÓN
Número de clasificación E49
040 ## - FUENTE DE CATALOGACIÓN
Centro catalogador/agencia de origen AR-ClEAG
Centro/agencia transcriptor AR-ClEAG
008 - DATOS DE LONGITUD FIJA--INFORMACIÓN GENERAL
campo de control de longitud fija 160916s2016####ag#a###g######001#0#spa#d
005 - FECHA Y HORA DE LA ÚLTIMA TRANSACCIÓN
campo de control 20241107184754.0
003 - IDENTIFICADOR DE NÚMERO DE CONTROL
campo de control AR-ClEAG
100 1# - ENTRADA PRINCIPAL--NOMBRE DE PERSONA
Nombre de persona Navntoft, Christian.
245 10 - MENCIÓN DEL TÍTULO
Título Energía solar :
Resto del título Aportes para la implementación y desarrollo en Santa Fe /
Mención de responsabilidad, etc. Christian Navntoft ... [et al.].
250 ## - MENCION DE EDICION
Mención de edición 1ª ed.
260 ## - PUBLICACIÓN, DISTRIBUCIÓN, ETC.
Lugar de publicación, distribución, etc. Rosario :
Nombre del editor, distribuidor, etc. edUTecNe,
Fecha de publicación, distribución, etc. 2016.
300 ## - DESCRIPCIÓN FÍSICA
Extensión 188 p. :
Otras características físicas byn, grafs. ;
Dimensiones 23 cm.
653 ## - TÉRMINO DE INDIZACIÓN--NO CONTROLADO
Término no controlado Instalaciones de energía solar térmica
653 ## - TÉRMINO DE INDIZACIÓN--NO CONTROLADO
Término no controlado Recurso solar
653 ## - TÉRMINO DE INDIZACIÓN--NO CONTROLADO
Término no controlado Climatología
653 ## - TÉRMINO DE INDIZACIÓN--NO CONTROLADO
Término no controlado Sistemas solares t´érmicos
653 ## - TÉRMINO DE INDIZACIÓN--NO CONTROLADO
Término no controlado Radiación
653 ## - TÉRMINO DE INDIZACIÓN--NO CONTROLADO
Término no controlado Cálculos
700 1# - ENTRADA AGREGADA--NOMBRE PERSONAL
Nombre de persona Garreta, Fabián.
700 1# - ENTRADA AGREGADA--NOMBRE PERSONAL
Nombre de persona Bertinat, Pablo.
700 1# - ENTRADA AGREGADA--NOMBRE PERSONAL
Nombre de persona Chemes, Jorge.
942 ## - ELEMENTOS DE ENTRADA SECUNDARIOS (KOHA)
Tipo de ítem Koha Libros
980 ## - EQUIVALENCIA O REFERENCIA-CRUZADA-MENCIÓN DE SERIE--NOMBRE DE PERSONA/TÍTULO [LOCAL, CANADÁ]
Enlace 2
Nombre de persona Evangelina Gallicchio
Enlace entre campo y número de secuencia 2
Información miscelánea Evangelina Gallicchio
Holdings
Estatus retirado Estado de pérdida Fuente del sistema de clasificación o colocación Estado de daño No para préstamo Biblioteca de origen Biblioteca actual Ubicación en estantería Fecha de adquisición Número de inventario Total de préstamos Signatura topográfica completa Código de barras Visto por última vez Precio de reemplazo Tipo de ítem Koha
    Clasificación decimal universal     Julio Cortázar Julio Cortázar   07/11/2024 5066   R07 58.03 E49 Ej.1 5066 07/11/2024 07/11/2024 Libros

Contacto

Biblioteca Julio Cortázar. Escuela Agrotécnica "Libertador San Martín". Universidad Nacional de Rosario
Dirección: Ov. Lagos 1000 - 2170 Casilda - Santa Fe - Argentina
Tel: (54) (03464) 422226.
Fax: (54) (03464) 427789.
E-Mail: biblio-eac@unr.edu.ar